Fonología española / (Registro nro. 11348)
[ vista simple ]
| 000 -LIDER | |
|---|---|
| fixed length control field | 00740cam a22002773a 4500 |
| 001 - NÚMERO DE CONTROL | |
| Identificador de número de control | 0000665 |
| 003 - IDENTIFICACDOR DE NÚMERO DE CONTROL | |
| control field | DO-SdBNP |
| 005 - DATE AND TIME OF LATEST TRANSACTION | |
| control field | 20180125111115.0 |
| 007 - CAMPOS FIJOS DE DESCRIPCIÓN FÍSICA | |
| fixed length control field | 0000665 |
| 008 - ELEMENTOS DE LONGITUD FIJA | |
| fixed length control field | 861112 1971 sp 000 0 spa d |
| 010 ## - NUMERO DE CONTROL DE BIBLIOTECA DEL CONGRESO | |
| LC control number | |
| 040 ## - FUENTE DE CATALOGACIÓN | |
| Agencia que crea de manera original el registro | BPMSU |
| Agencia que realiza la transcripción | spa |
| Agencia que realiza la modificación | BPMSU |
| -- | |
| 100 1# - ASIENTO PRINCIPAL -- NOMBRE PERSONAL | |
| Nombre personal | Alarcos Llorach, Emilio, |
| Fechas asociadas con el nombre | 1922- |
| 245 10 - MENCIÓN DE TITULO | |
| Título | Fonología española / |
| Mención de responsabilidad | Emilio Alarcos Llorach. |
| 250 ## - MENCIÓN DE EDICION | |
| Mención de edición | 4a. ed. aum. y rev. |
| 260 ## - PUBLICACIÓN, DISTRIBUCIÓN, ETC. (PIE DE IMPRENTA) | |
| Lugar de publicación, distribución, etc | Madrid : |
| Nombre del editor, distribuidor, etc. | Gredos, |
| Fecha de publicación, distribución, etc | 1971. |
| 300 ## - DESCRIPCIÓN FÍSICA | |
| Extensión | 290 ; |
| Dimensiones | 20 cm. |
| 490 1# - MENCIÓN DE SERIES | |
| Mención de serie | Biblioteca romántica hispánica |
| 500 ## - NOTA GENERAL | |
| Nota general | |
| 504 ## - NOTA DE BIBLIOGRAFÍA, ETC. | |
| Bibliography, etc | Bibliografia p: 291-304 |
| 600 00 - ENCABEZAMIENTO DE MATERIA--NOMBRE PERSONAL | |
| Nombre personal | |
| Subdivisión temática general | |
| 830 #0 - ASIENTO SECUNDARIO DE SERIE--TÍTULO UNIFORME | |
| Título uniforme | Biblioteca romántica hispánica |
| 942 ## - ADDED ENTRY ELEMENTS (KOHA) | |
| Source of classification or shelving scheme | Dewey Decimal Classification |
| Koha item type | Libros |
| 945 ## - INFORMACIÓN DE PROCESAMIENTO LOCAL | |
| Información de procesamiento local | Inventariado, 2018 /LP |
| 956 ## - LOCAL ELECTRONIC LOCATION AND ACCESS (OCLC) | |
| Nombre de host | YLOCKWARD |
| Número de acceso | 10 |
| Withdrawn status | Lost status | Source of classification or shelving scheme | Damaged status | Not for loan | Collection code | Home library | Current library | Date acquired | Source of acquisition | Total Checkouts | Barcode | Date last seen | Price effective from | Koha item type |
|---|---|---|---|---|---|---|---|---|---|---|---|---|---|---|
| Dewey Decimal Classification | Colección General | Biblioteca Pública Metropolitana Salomé Ureña | Biblioteca Pública Metropolitana Salomé Ureña | 09/06/2016 | Sin sellar | BPMSU16090225 | 09/06/2016 | 09/06/2016 | Libros |